[Event "New Delhi Parsvnath op-C 16th"]
[Site "New Delhi"]
[Date "2018.01.15"]
[Round "8"]
[White "Piyush, Khurana"]
[Black "Sharma, Harsh Yogesh"]
[Result "1-0"]
[WhiteElo "1466"]
[BlackElo "1577"]
[PlyCount "143"]
[EventDate "2018.01.09"]
[EventType "swiss"]
[EventRounds "10"]
[EventCountry "IND"]
[SourceTitle "CBM 182 Extra"]
[Source "ChessBase"]
[SourceDate "2018.02.23"]
[SourceVersion "1"]
[SourceVersionDate "2018.02.23"]
[SourceQuality "1"]

1. d4 Nf6 2. c4 g6 3. Nc3 d5 4. cxd5 Nxd5 5. Bd2 Bg7 6. Nf3 0-0 7. e3 c5 8. Rc1 cxd4 9. Nxd4 a6 10. Be2 Nf4 11. exf4 Bxd4 12. 0-0 Nc6 13. a3 Be6 14. b4 Bg7 15. Be3 Nd4 16. Ne4 b5 17. Re1 Nb3 18. Rb1 Bf5 19. Qxb3 Bxe4 20. Red1 Qb8 21. Bd3 Bxd3 22. Rxd3 Rd8 23. Rbd1 Qc7 24. g3 Rxd3 25. Rxd3 Qc4 26. Qd1 Bf6 27. f5 gxf5 28. Bh6 e6 29. Rd7 Qg4 30. Qd6 Qh5 31. Ra7 Rd8 32. Rd7 Qxh6 33. Rxd8+ Bxd8 34. Qxd8+ Kg7 35. f4 Qf6 36. Qd3 Qa1+ 37. Kg2 Qe1 38. Qd4+ Kg6 39. Qd8 Qe2+ 40. Kg1 Qe3+ 41. Kg2 Qe2+ 42. Kg1 h6 43. Qg8+ Kf6 44. Qd8+ Kg7 45. Qd4+ e5 46. Qxe5+ Qxe5 47. fxe5 Kg6 48. Kf2 Kg5 49. Kf3 Kh5 50. Kf4 Kg6 51. h3 h5 52. h4 f6 53. e6 Kh6 54. Kxf5 Kg7 55. e7 Kf7 56. e8Q+ Kxe8 57. Kxf6 Kd7 58. Kg5 Kd6 59. Kxh5 Kd5 60. Kg4 Kc4 61. h5 Kb3 62. h6 Kxa3 63. h7 Kxb4 64. h8Q a5 65. Qb2+ Kc4 66. Kf4 b4 67. Qc2+ Kb5 68. Qd3+ Ka4 69. Ke3 b3 70. Kd2 Ka3 71. Kc1 Ka2 72. Qd2+ 1-0

[Event "New Delhi Parsvnath op-C 16th"]
[Site "New Delhi"]
[Date "2018.01.15"]
[Round "6"]
[White "Rohit, Roy Chaudhary"]
[Black "Sharma, Harsh Yogesh"]
[Result "0-1"]
[WhiteElo "1503"]
[BlackElo "1577"]
[PlyCount "60"]
[EventDate "2018.01.09"]
[EventType "swiss"]
[EventRounds "10"]
[EventCountry "IND"]
[SourceTitle "CBM 182 Extra"]
[Source "ChessBase"]
[SourceDate "2018.02.23"]
[SourceVersion "1"]
[SourceVersionDate "2018.02.23"]
[SourceQuality "1"]

1. d4 Nf6 2. c4 g6 3. Nc3 d5 4. Nf3 Bg7 5. e3 0-0 6. Bd3 c5 7. 0-0 cxd4 8. exd4 Nc6 9. c5 Bg4 10. Be2 Ne4 11. Be3 f5 12. Nxe4 fxe4 13. Ng5 Bxe2 14. Qxe2 Qd7 15. Rad1 h6 16. Nh3 Kh7 17. Qb5 Rf7 18. Nf4 Raf8 19. Ne2 a6 20. Qb3 Qg4 21. Ng3 e6 22. h3 Qh4 23. Qc3 e5 24. Ne2 Rf3 25. Kh2 exd4 26. Nxd4 Bxd4 27. Rxd4 Nxd4 28. Qxd4 Rxh3+ 29. gxh3 Rf3 30. Qd1 Qxh3+ 0-1